Città più grandi del Giappone - Statistics

Statistiche generali
  • Questo quiz è stato fatto 103 volte
  • Il punteggio medio è 8 su 20
Statistiche sulle risposte
Popolazione Città % Corretto
15 185 502 Tokyo
100%
1 464 990 Kyoto
90%
2 843 805 Osaka
88%
1 162 215 Hiroshima
83%
1 886 480 Sapporo
70%
3 630 036 Yokohama
57%
2 264 408 Nagoya
51%
1 529 116 Kobe
50%
1 428 961 Fukuoka
48%
1 191 598 Saitama
34%
1 028 775 Sendai
31%
1 385 003 Kawasaki
24%
700 991 Shizuoka
24%
812 705 Niigata
19%
937 041 Chiba
16%
811 127 Hamamatsu
14%
987 327 Kitakyushu
14%
731 286 Kumamoto
14%
834 668 Sakai
5%
705 941 Sagamihara
2%
Nessun quiz corrispondente trovato
Distribuzione punteggi
Percentuale di utenti per punteggio
Percentile per numero di risposta
I tuoi punteggi nel tempo
Non hai fatto questo quiz